Influence of the crowns in topworked trees of Hevea (Record no. 61350)

MARC details
000 -LEADER
fixed length control field 00497nam a2200133Ia 4500
100 ## - MAIN ENTRY--AUTHOR NAME
Personal name Samaranayake C
245 #0 - TITLE STATEMENT
Title Influence of the crowns in topworked trees of Hevea
260 ## - PUBLICATION, DISTRIBUTION, ETC. (IMPRINT)
Name of publisher Proceedings of the International Rubber Conference, Colombo, 1984, V1. Part 1; p19-46Proceedings of the International Rubber Conference, Colombo, 1984, V1. Part 1; p59-69
650 ## - SUBJECT ADDED ENTRY--TOPICAL TERM
Topical Term Hevea
700 ## - ADDED ENTRY--PERSONAL NAME
Personal name Gunaratne R B
700 ## - ADDED ENTRY--PERSONAL NAME
Personal name Kariyawasam L S
942 ## - ADDED ENTRY ELEMENTS (KOHA)
Koha item type Journals
Holdings
Withdrawn status Lost status Damaged status Not for loan Home library Current library Shelving location Date acquired Koha item type
      Journals RRII Library RRII Library Botany 17/12/2021 Journals